| 000 | 00758nam a2200265Ia 4500 | ||
|---|---|---|---|
| 003 | OSt | ||
| 005 | 20220924120744.0 | ||
| 006 | a|||||r|||| 00| 0 | ||
| 007 | ta | ||
| 008 | 220923b |||||||| |||| 00| 0 san d | ||
| 020 | _a8171102905 (hbk) | ||
| 020 | _c350 | ||
| 024 | _a236048 | ||
| 037 |
_b1506, 15/10/2007, Vidyanidhi Prakashan _cTextual |
||
| 040 |
_aARTS _cARTS _bsan |
||
| 041 |
_2san _asan |
||
| 082 | _aR66x1:g, 152P6 | ||
| 100 |
_aAnjana _9177099 |
||
| 245 | 0 | _aShankar ka addwait darshan | |
| 260 |
_aDelhi _bParimal Publications India _c2006 |
||
| 300 |
_a259p. _ccm. |
||
| 650 | _aSANSKRIT | ||
| 942 |
_hR66x1:g, 152P6 _cTEXL _2CC |
||
| 999 |
_c404173 _d404173 |
||